000 00500nmm a2200169Ia 4500
008 251105s9999||||xx |||||||||||||||||und||
020 _a9788475224503
041 _aspa
100 _aGimeno, Francisco
245 0 _aSociolingüística histórica (Siglos X al XII)
264 _a[Madrid, España] :
_bVisor Libros,
_c1995
300 _a254 páginas
490 _aBiblioteca Filológica Hispana
650 _aLinguistics
856 _uhttps://public.digitaliapublishing.com/a/28188
942 _cCF
999 _c84957
_d84957